00274 2200109 4500001002100000008004100021035002000062245004600082260000800128084001700136082001100153INLIS000000000000314 ind  a0010-1223000314 aParasitologi Teknologi Laboratorium Medik bEGC a616.96 DOS p a616.96